| 000 | 00931nam a22002537a 4500 | ||
|---|---|---|---|
| 999 |
_c1354 _d1354 |
||
| 003 | AR-CdUCM | ||
| 008 | 190226b ||||| |||| 00| 0 spa d | ||
| 040 |
_aMUNICIPALIDAD PROVINCIAL DEL CUSCO _cBIBLIOTECA MUNICIPAL DEL CUSCO |
||
| 082 |
_a869.56 / _bB12 |
||
| 100 |
_aBacacorzo, Xavier _95182 |
||
| 245 |
_aPoemas - Documentos 1970 1972 _cBacacorzo, Javier |
||
| 260 |
_aLima : _bPalabra & Fuego, _c1970. |
||
| 300 |
_a56 paginas ; _bil, _c25cm. |
||
| 500 | _aDonación de la Familia Nieto Dedicatoria a Luis Nieto | ||
| 505 | _aMi voz -- Camboya -- Voto de asco Unanime -- Yo creo en vosotros -- Tambien creo en el norteamericano... | ||
| 650 |
_aLiterario _91139 |
||
| 650 |
_aHistoria _9136 |
||
| 650 |
_aSalvajismo norteamericano _95183 |
||
| 650 |
_aPaisaje Lunar _95184 |
||
| 700 |
_aRetamozo Miranda, Teofilo _95185 |
||
| 700 |
_aGutierrez Barreto, Claudio _95186 |
||
| 942 |
_2ddc _cLIBROS |
||
| 945 |
_apjha _d2019-04-17 |
||